Nabhi's handbook of Export promotion and incentives / (Record no. 136791)

MARC details
000 -LEADER
fixed length control field 00622nam a22002177a 4500
010 ## - LIBRARY OF CONGRESS CONTROL NUMBER
LC control number B-085635
020 ## - INTERNATIONAL STANDARD BOOK NUMBER
International Standard Book Number 8172743300
Terms of availability 430.00
035 ## - SYSTEM CONTROL NUMBER
System control number B-085635
037 ## - SOURCE OF ACQUISITION
Source of stock number/acquisition Cen Lib / Ret
040 ## - CATALOGING SOURCE
Original cataloging agency DPL
Language of cataloging EN
082 ## - DEWEY DECIMAL CLASSIFICATION NUMBER
Classification number 382.6
Item number NAB
110 ## - MAIN ENTRY--CORPORATE NAME
Subordinate unit NABI
245 ## - TITLE STATEMENT
Title Nabhi's handbook of Export promotion and incentives /
250 ## - EDITION STATEMENT
Edition statement 2nd rev ed
260 ## - PUBLICATION, DISTRIBUTION, ETC. (IMPRINT)
Place of publication, distribution, etc New Delhi
Name of publisher, distributor, etc Nabhi Publications
Date of publication, distribution, etc 1999
270 ## - ADDRESS
Address P. O. Box no. 37
City New Delhi
Postal code 110001
300 ## - PHYSICAL DESCRIPTION
Extent xxvii, 700p.
Other physical details 27cm(Hb)
650 ## - SUBJECT ADDED ENTRY--TOPICAL TERM
Topical term or geographic name as entry element Foreign trade promotion
650 ## - SUBJECT ADDED ENTRY--TOPICAL TERM
Topical term or geographic name as entry element Foreign trade promotion.
942 ## - ADDED ENTRY ELEMENTS (KOHA)
Source of classification or shelving scheme Dewey Decimal Classification
Koha item type English Books
Classification part 382.6
Call number suffix NAB
Holdings
Withdrawn status Lost status Damaged status Not for loan Home library Current library Date acquired Source of acquisition Cost, normal purchase price Total Checkouts Full call number Barcode Date last seen Date checked out Copy number Cost, replacement price Price effective from Koha item type
        Central Library Central Library 09/03/2016 Cen Lib/Ret 430.00 1 382.6 NAB B-085635 25/06/2018 19/05/2018 1 430.00 09/03/2016 English Books

© Delhi Public Library
Hit Counter
free hit counter